Caruncho (Record no. 10778)

MARC details
000 - LÍDER
campo de control de longitud fija 01317nam a2200241Ia 4500
008 - ELEMENTOS DE DATOS DE LONGITUD FIJA - INFORMACIÓN GENERAL
campo de control de longitud fija 0000002004 sp ad 0000000000mul00
020 ## - INTERNATIONAL STANDARD BOOK NUMBER
International Standard Book Number 8445337556
090 ## - NÚMERO DE LLAMADA DE TIPO LC LOCALMENTE ASIGNADO (OCLC)
Número de clasificación (OCLC) (R) PSP00 B65c
100 1# - ENTRADA PRINCIPAL - NOMBRE PERSONAL
Nombre de la persona Bonet Correa, Antonio
245 10 - TÍTULO DECLARACIÓN
Título Caruncho
Declaración de responsabilidad / textos Antonio Bonet Correa, José Jiménez ; traducción Suso Riveiro ...[et al.]
260 ## - PUBLICACIÓN, DISTRIBUCIÓN
Lugar de publicación Santiago de Compostela : Centro Galego de Arte Contemporánea
Fecha de publicación 2004
300 ## - DESCRIPCIÓN FÍSICA
Alcance 125 p.
Dimensiones / 24 cm.
500 ## - NOTA GENERAL
Nota general Exposición realizada en Centro Gallego de Arte Contemporánea, Santiago de Compostela, marzo 11 a mayo 30 de 2004 \ Incluye cronologia del artista \ Texto en gallego, español e Inglés \ Registro auspiciado por la FGAA. Bogotá
501 ## - Con nota
Con nota A Xeometría sensible de Luis María Caruncho = La geometria sensible de Luis María Caruncho = The sensitive geometry of Luis María Caruncho / Antonio Bonet Correa O principio triángulo = El principio triángulo = The triangle principle / José Jiménez
600 00 - ENTRADA DE SUJETO AÑADIDO - NOMBRE PERSONAL
Nombre de la persona CARUNCHO AMAT, LUIS MARIA, 1929/
Subdivisión general TRABAJOS PICTORICOS
650 14 - ENTRADA DE SUJETO AÑADIDO - TÉRMINO TÓPICO
Término tópico o elemento de entrada del nombre geográfico ARTE CONTEMPORANEO ESPAÑOL
650 14 - ENTRADA DE SUJETO AÑADIDO - TÉRMINO TÓPICO
Término tópico o elemento de entrada del nombre geográfico ARTISTAS PLASTICOS ESPAÑOLES EXPOSIONES
650 14 - ENTRADA DE SUJETO AÑADIDO - TÉRMINO TÓPICO
Subdivisión general CATALOGOS
650 14 - ENTRADA DE SUJETO AÑADIDO - TÉRMINO TÓPICO
Subdivisión general EXPOSICIONES
650 14 - ENTRADA DE SUJETO AÑADIDO - TÉRMINO TÓPICO
Término tópico o elemento de entrada del nombre geográfico PINTORES ESPAÑOLES
650 14 - ENTRADA DE SUJETO AÑADIDO - TÉRMINO TÓPICO
Término tópico o elemento de entrada del nombre geográfico PINTURA ESPAÑOLA
700 1# - ENTRADA AGREGADA - NOMBRE PERSONAL
Nombre de la persona Jiménez, José \ Riveiro, Suso
Holdings
Estado de retirada Pérdida de estatus Estado dañado No para préstamo Código de recogida Ubicación permanente Ubicación actual Ubicación de las estanterías Fecha de adquisición Número de llamada completo Código de barras Fecha de la última vez que se vio Número de copia Precio efectivo desde Tipo de artículo Koha
        General ArtNexus ArtNexus General 06/09/2022 P-SP-00 B65C 10878 06/09/2022 Ej.1 06/09/2022 Libro

Powered by Koha